| 000 -LEADER |
| fixed length control field |
00812nam a2200229Ia 4500 |
| 001 - CONTROL NUMBER |
| control field |
20802 |
| 003 - CONTROL NUMBER IDENTIFIER |
| control field |
GE_BSU |
| 005 - DATE AND TIME OF LATEST TRANSACTION |
| control field |
20221110135333.0 |
| 008 - FIXED-LENGTH DATA ELEMENTS--GENERAL INFORMATION |
| fixed length control field |
181216s2015||||enk|||||||||||||| ||eng|| |
| 020 ## - INTERNATIONAL STANDARD BOOK NUMBER |
| International Standard Book Number |
9783659706394x |
| 040 ## - CATALOGING SOURCE |
| Transcribing agency |
GE_BSU |
| 041 ## - LANGUAGE CODE |
| Language code of text/sound track or separate title |
eng |
| 080 ## - UNIVERSAL DECIMAL CLASSIFICATION NUMBER |
| Universal Decimal Classification number |
327 N-64 |
| 100 ## - MAIN ENTRY--PERSONAL NAME |
| Personal name |
Nikolaeva, Venera |
| 9 (RLIN) |
11408 |
| 245 ## - TITLE STATEMENT |
| Title |
Regional policy of the Eu : |
| Remainder of title |
New Challenges in Absorption and Implementation of Structural Assistance / |
| Statement of responsibility, etc. |
Venera Nikolaeva. |
| 264 ## - PRODUCTION, PUBLICATION, DISTRIBUTION, MANUFACTURE, AND COPYRIGHT NOTICE |
| Place of production, publication, distribution, manufacture |
Germany : |
| Name of producer, publisher, distributor, manufacturer |
LAP Lambert Academic Publishing, |
| Date of production, publication, distribution, manufacture, or copyright notice |
2015. |
| 300 ## - PHYSICAL DESCRIPTION |
| Extent |
57 p. ; |
| Accompanying material |
23 cm. |
| 653 ## - INDEX TERM--UNCONTROLLED |
| keyword |
Regional policy of the Eu : New Challenges in Absorption and Implementation of Structural Assistance |
| 653 ## - INDEX TERM--UNCONTROLLED |
| keyword |
პოლიტიკა |
| 653 ## - INDEX TERM--UNCONTROLLED |
| keyword |
რეგიონალური პოილიტიკა |
| 942 ## - ADDED ENTRY ELEMENTS (KOHA) |
| Koha item type |
წიგნი |
| Source of classification or shelving scheme |
|